Starts with 'S', Ends in 'O' Quiz Stats

Quiz Updated Oct 10, 2015

Challenge
Share
Tweet
Embed
Score 0/20 Timer 06:00
2 Plays Today
Description Answer % Correct
Without accompanimentSolo
95.9%
Japanese wrestling styleSumo
95.3%
Hair-washing liquidShampoo
95.1%
Cylindrical storage structure for grainSilo
92.8%
Person who has amazing powers, Spider-Man e.g.Superhero
90.7%
Hat with a very wide brim that is often worn in MexicoSombrero
88.8%
Very thin high heelStiletto
88.7%
The highest voice part in a singing groupSoprano
87.2%
The capital of the US state of CaliforniaSacramento
82.8%
Zodiac sign after LibraScorpio
82.8%
Description Answer % Correct
Skimpy swimwear brandSpeedo
81.2%
Set location; an artist's place of workStudio
76.5%
The capital of ChileSantiago
68.5%
The traditional religion of JapanShinto
61.7%
1973 crime drama starring Al PacinoSerpico
50.4%
A full-size pickup truck manufactured by ChevroletSilverado
43.8%
Multi-sourced soundStereo
43%
A postulated sequence or development of eventsScenario
37.8%
Only sea on earth without a coastlineSargasso
30.6%
An urban area of the city of Johannesburg in South AfricaSoweto
30.1%

You're not logged in!

Compare scores with friends on all Sporcle quizzes.
Join for Free
OR
Log In

You Might Also Like...

Show Comments

Extras

Top Quizzes Today


Score Distribution

Your Account Isn't Verified!

In order to create a playlist on Sporcle, you need to verify the email address you used during registration. Go to your Sporcle Settings to finish the process.

Report this User

Report this user for behavior that violates our Community Guidelines.

Details: